All NYC Subway Stations - Statistics

General Stats
  • This quiz has been taken 2,421 times
  • The average score is 435 of 843
Answer Stats
Train Station % Correct
L 1 Av.
94%
F 2 Av.
93%
6 3 Av.-138 St.
93%
F | G 4 Av.
93%
N | R 4 Av. / 9 St.
93%
R 5 Av.
93%
E | M 5 Av. / 53 St.
93%
N | W 5 Av. / 59 St.
93%
7 5 Av.- Bryant Park
93%
D Atlantic Av. / Barclays Center / 4 Av.
93%
A | C | E | +2 others W 4 St.
93%
B | D W 4 St.- Washington Sq.
93%
L 3 Av.
92%
2 | 5 3 Av.-149 St.
92%
L 6 Av.
92%
B | D | E | +3 others 7 Av.
92%
L | N 8 Av.
92%
N | Q | R 8 St.-New York University
92%
W 8 St.- New York University
92%
F | Q W 8 St.-New York Aquarium
92%
D 9 Av.
91%
D 9 St.
91%
F | G Smith-9 Sts.
91%
S | W 42 St.-Times Square
89%
1 | 2 | 3 | +4 others Times Square-42 St.
89%
4 | 6 | N | +3 others 14 St.-Union Sq.
86%
5 14 St. - Union Sq.
86%
L 14 St. / Union Sq.
86%
S 42 St.-Grand Central
86%
4 | 5 | 6 | 7 Grand Central-42 St.
86%
1 | 2 | 3 | +5 others 14 St.
85%
Q Av. H
85%
1 | 2 | 3 | +3 others 34 St.-Penn Station
84%
B | D | F | M 42 St.-Bryant Park
84%
Q Av. M
84%
F Av. P
84%
E Court Sq.-23 St
84%
M Court Sq.-23 St.
84%
1 | 2 | 4 | +10 others 23 St.
83%
B | D | F | +5 others 34 St.-Herald Sq.
83%
7 34 St.-Hudson Yards
83%
Q Av. J
83%
D | F | N 18 Av.
82%
1 | 2 18 St.
82%
A 42 St.-Port Authority Bus Terminal
82%
C | E 42 St.- Port Authority Bus Terminal
82%
2 59 St.-Columbus Circle
82%
F Av. N
82%
N | W Lexington Av. / 59 St.
82%
B 47-50 St.- Rockefeller Center
81%
D 47-50 Sts.-Rockefeller Center
81%
F | M 47-50 Sts.- Rockefeller Center
81%
F | G 15 St.-Prospect Park
80%
1 | 2 | 4 | +5 others 28 St.
80%
1 | B | C 59 St.-Columbus Circle
80%
A | D 59 St.- Columbus Circle
80%
1 | 2 | 4 | +8 others 86 St.
80%
2 | 3 Central Park North (110 St.)
80%
4 | 5 | 6 | +2 others 59 St.
79%
1 | 2 | 3 | +4 others 72 St.
79%
7 74 St.-Broadway
79%
D | N 20 Av.
78%
G 21 St.
78%
F 21 St.-Queensbridge
78%
1 | 2 | 3 | +6 others 96 St.
78%
D Bay 50 St.
78%
1 | 2 | 3 | +7 others 125 St.
77%
1 | 2 | A | +3 others 50 St.
77%
1 | 2 66 St.-Lincoln Center
77%
F | N | Q Av. U
77%
F | Q Lexington Av. / 63 St.
77%
4 | 6 110 St.
76%
4 | 6 | 7 33 St.
76%
1 | 2 | D 79 St.
76%
1 | A | B | C Cathedral Pkwy. (110 St.)
76%
E | M Lexington Av. / 53 St.
76%
1 | 4 | 6 | +3 others 103 St.
75%
7 103 St.-Corona Plaza
75%
1 116 St.- Columbia University
75%
2 | 3 | 4 | +4 others 116 St.
74%
4 | 6 | R 77 St.
74%
A Rockaway Park / Beach 116 St.
74%
S Rockaway Park- Beach 116 St.
74%
F | N | Q | +2 others 57 St.
73%
A 81 St.-Museum of Natural History
73%
B | C 81 St.- Museum of Natural History
73%
F Jamaica-179 St.
73%
N | Q | R | W 49 St.
72%
E | M 63 Dr.-Rego Park
72%
R 63 Dr. / Rego Park
72%
4 | 6 68 St.-Hunter College
72%
7 82 St.-Jackson Hts.
72%
A Beach 67 St.
72%
D 25 Av.
71%
D | N | R 25 St.
71%
E | M | R 67 Av.
71%
7 90 St.-Elmhurst Av.
71%
R Bay Ridge-95 St.
71%
A Beach 25 St.
71%
A Beach 36 St.
71%
E | F | M | R Forest Hills-71 Av.
71%
N | W 36 Av.
70%
D | E | M | +2 others 36 St.
70%
4 | 6 51 St.
70%
7 52 St.
70%
7 69 St.
70%
7 Woodside-61 St.
70%
2 | 3 | A | +2 others 135 St.
69%
7 | E | M | R 46 St.
69%
N | R 53 St.
69%
E | F 75 Av.
69%
Z 75 St.
69%
J 75 St.-Elderts Lane
69%
F Av. I
69%
A | S Beach 90 St.
69%
1 | 3 | A | +3 others 145 St.
68%
4 | D 161 St.- Yankee Stadium
68%
B 161 St.-Yankee Stadium
68%
7 40 St.
68%
N | R 45 St.
68%
D 55 St.
68%
E | M | R 65 St.
68%
3 Harlem-148 St.
68%
D 71 St.
67%
1 168 St.- Washington Hts.
66%
N | W 30 Av.
66%
N | W 39 Av.
66%
D 62 St.
66%
A 80 St.
66%
J 85 St.-Forest Pkwy.
66%
A 88 St.
66%
A Beach 44 St.
66%
A Beach 60 St.
66%
E Grand Av.-Newtown
66%
M Grand Av. / Newtown
66%
R Grand Av. - Newtown
66%
A | C Washington Hts.- 168 St.
66%
7 | A | J 111 St.
65%
1 137 St.-City College
65%
A | B | C | D 155 St.
65%
A | S Beach 98 St.
65%
B | D | L Grand St.
65%
A Inwood-207 St.
65%
B | D 174-175 Sts.
64%
1 | A 181 St.
64%
4 Broadway-Lafayette St. / Bleecker St
64%
B | D | M Broadway-Lafayette St. / Bleecker St.
64%
F Broadway-Lafayette St./Bleecker St.
64%
2 | 4 149 St.-Grand Concourse
63%
5 149 St.- Grand Concourse
63%
A 163 St.- Amsterdam Av.
63%
C 163 St.-Amsterdam Av.
63%
A | S Beach 105 St.
63%
J | Z Broad St.
63%
L E 105 St.
63%
1 157 St.
62%
A 175 St.
62%
1 191 St.
62%
A | J | Z 104 St.
61%
1 Marble Hill-225 St.
61%
1 Van Cortlandt Park-242 St.
61%
J | Z 121 St.
60%
4 | 5 138 St.
60%
4 | B | D 167 St.
60%
1 207 St.
60%
6 E 149 St.
60%
D Norwood-205 St. / Bainbridge Av.
60%
4 | B | D 170 St.
59%
2 | 5 174 St.
59%
B | D 182-183 Sts.
59%
A 190 St.
59%
2 | 5 225 St.
59%
F E Broadway
59%
F 169 St.
58%
4 176 St.
58%
1 215 St.
58%
G | N | W Broadway
58%
6 Brook Av.
58%
2 | 5 E 180 St.
58%
6 E 143 St. - Saint Mary's St.
57%
1 WTC Cortlandt
57%
4 183 St.
56%
N Coney Island - Stillwell
56%
D Coney Island - Stillwell Av.
56%
Q Coney Island-Stillwell Av.
56%
F Coney Island-Stillwell Av. / Surf Av.
56%
2 Wakefield-241 St.
56%
2 | 3 | 4 | 5 Wall St.
56%
1 238 St.
55%
1 | 2 | 4 | +10 others Canal St.
55%
7 Flushing-Main St.
55%
1 231 St.
54%
F Av. X
54%
E Jamaica-Van Wyck
54%
E World Trade Center
54%
4 | 5 | 6 Brooklyn Bridge-City Hall
52%
2 | 5 219 St.
51%
A | C | G Clinton-Washington Avs.
51%
2 | 5 233 St.
50%
N | R Atlantic Av. / Barclays Center
49%
G | J | M Flushing Av.
49%
4 Borough Hall-Court St.
48%
R Court St.- Borough Hall
48%
E | J Sutphin Blvd. / Archer Av. / JFK Airport
48%
Z Sutphin Blvd. / Archer Av.-JFK Airport
48%
L Broadway Junction (Fulton St.)
46%
2 | 3 | 4 | +4 others Atlantic Av.
45%
6 Broadway-Lafayette St. / Bleecker St
45%
2 | 3 | 4 | +6 others Fulton St.
45%
A Howard Beach-JFK Airport
45%
D | N | R Union St.
45%
E | M Jackson Hts.- Roosevelt Av.
44%
F Jackson Hts.- Roosevelt Av
44%
R Jackson Hts. / Roosevelt Av.
44%
7 Vernon Blvd.- Jackson Av.
44%
N | R Whitehall St. South Ferry
44%
N | W Astoria-Ditmars Blvd.
43%
M Central Av.
43%
N Court St.
43%
1 | 2 Houston St.
43%
N | W Astoria Blvd.
41%
G Bedford-Nostrand Avs.
41%
1 | 2 | 3 | +4 others Chambers St.
41%
2 | 5 Jackson Av.
41%
2 | 5 | D | +2 others Prospect Av.
41%
N | R | W City Hall
40%
1 South Ferry
40%
R Lexington Av.
39%
2 | 3 | 4 | +4 others Franklin Av.
38%
1 | 2 Franklin St.
38%
3 | 4 | A | C Rockaway Av.
38%
A Rockaway Blvd.
38%
L Bedford Av.
37%
7 Mets-Willets Point
37%
2 | 5 Flatbush Av.-Brooklyn College
36%
M Forest Av.
35%
A | C Lafayette Av.
34%
1 Christopher St.-Sheridan Sq.
33%
2 Christopher St.- Sheridan Sq.
33%
2 | 5 | B | +3 others Church Av.
33%
A | C | F Jay St.-MetroTech
33%
N | R Jay St.- MetroTech
33%
2 Pelham Pkwy.
33%
4 | 6 | A | +2 others Spring St.
33%
B | Q Brighton Beach
32%
A Far Rockaway-Mott Av.
32%
2 Hoyt St.
32%
3 Hoyt St.-Fulton Mall
32%
A | C Hoyt St.-Schermerhorn St.
32%
G Hoyt St.- Schermerhorn St.
32%
1 | N | R | W Rector St.
31%
4 | 5 Bowling Green
30%
3 | 4 Crown Hts.-Utica Av.
30%
B | D | L | +3 others DeKalb Av.
30%
1 | A Dyckman St.
30%
E | J | Z Jamaica Center- Parsons / Archer
30%
2 | 3 | 5 Borough Hall
29%
M Middle Village- Metropolitan Av.
29%
L Jefferson St.
28%
J | M | Z Myrtle Av.
28%
G Myrtle- Willoughby Avs.
28%
L | M Myrtle-Wyckoff Avs.
28%
N | Q | R | W Prince St.
28%
7 | N | W Queensboro Plaza
28%
E | M | R Queens Plaza
28%
4 | 6 Astor Place
27%
R Bay Ridge Av.
27%
J | Z Bowery
27%
L Canarsie-Rockaway Pkwy.
27%
7 | G Court Sq.
27%
F Delancey St.
27%
4 | B | D Fordham Rd.
27%
G Metropolitan Av.
27%
3 | 4 | A | C Nostrand Av.
27%
J | Z Broadway Junction (Eastern Pkwy.)
26%
N | R | W Cortlandt St.
26%
5 Eastchester-Dyre Av.
26%
2 | 3 | S Park Place
26%
B | Q | S Prospect Park
26%
W Whitehall St.
26%
J | M | Z Essex St.
25%
A | C High St.
25%
3 | 4 | L New Lots Av.
25%
A Ozone Park-Lefferts Blvd.
25%
A | C Utica Av.
25%
F York St.
25%
2 | 3 | 4 | +2 others Bergen St.
24%
A | C Broadway Junction (E New York)
24%
E | M | R Elmhurst Av.
24%
G Greenpoint Av.
24%
E Kew Gardens-Union Tpke.
24%
F Kew Gardens Union Tpke.
24%
J | L | M Lorimer St.
24%
F Sutphin Blvd.
24%
6 Westchester Sq.- E Tremont Av.
24%
B | F | N | Q Kings Hwy.
23%
2 | 5 W Farms Sq.- E Tremont Av.
23%
A | C Euclid Av.
22%
2 | 3 | 4 Grand Army Plaza
22%
J | M | Z Marcy Av.
22%
F Roosevelt Island
22%
E | M | R Steinway St.
22%
4 Woodlawn
22%
L Bushwick Av.- Aberdeen St.
21%
F | G Carroll St.
21%
2 | 3 Clark St.
21%
A Grant Av.
21%
7 Hunters Point Av.
21%
6 Parkchester
21%
F Parsons Blvd.
21%
2 | 4 Eastern Pkwy.-Brooklyn Museum
20%
3 Eastern Pkwy.- Brooklyn Museum
20%
2 | 3 | 4 | 5 Nevins St.
20%
6 Pelham Bay Park
20%
B | Q Sheepshead Bay
20%
B | D Tremont Av.
20%
2 | 5 Gun Hill Rd.
19%
7 Junction Blvd.
19%
G Nassau Av.
19%
J | Z Norwood Av.
19%
E | J | M | +2 others Woodhaven Blvd.
19%
A Aqueduct-N Conduit Av.
18%
4 Bedford Park Blvd.-Lehman College
18%
2 | 5 Beverly Rd.
18%
A | S Broad Channel
18%
6 Cypress Av.
18%
D | F | G | N Fort Hamilton Pkwy.
18%
2 | 5 Newkirk Av.
18%
D | F | N Bay Pkwy.
17%
B | D Bedford Park Blvd.
17%
F Ditmas Av.
17%
J | L Halsey St.
17%
6 Hunts Point Av.
17%
4 | B | D Kingsbridge Rd.
17%
3 | 4 Kingston Av.
17%
A | C Kingston-Throop Avs.
17%
A | C Liberty Av.
17%
2 | 5 Simpson St.
17%
E | F Briarwood
16%
Q Cortelyou Rd.
16%
L Livonia Av.
16%
2 | 5 Nereid Av.
16%
E | M | R Northern Blvd.
16%
Q Ocean Pkwy.
16%
L Wilson Av.
16%
J | Z Alabama Av.
15%
5 Baychester Av.
15%
S Botanic Garden
15%
2 | 5 Bronx Park East
15%
6 Elder Av.
15%
2 | 5 Intervale Av.
15%
L Morgan Av.
15%
4 Mosholu Pkwy.
15%
3 | 4 Pennsylvania Av.
15%
2 | 5 President St.
15%
3 | 4 | A | +3 others Van Siclen Av.
15%
G Classon Av.
14%
L Graham Av.
14%
J | M Hewes St.
14%
M Knickerbocker Av.
14%
F Neptune Av.
14%
3 | 4 Junius St.
13%
L Montrose Av.
13%
Q Parkside Av.
13%
3 | 4 Sutter Av.-Rutland Rd.
13%
2 | 5 Allerton Av.
12%
6 Buhre Av.
12%
4 Burnside Av.
12%
2 | 5 Freeman St.
12%
M Fresh Pond Rd.
12%
J | Z Gates Av.
12%
6 Morrison Av.-Soundview
12%
5 Morris Park
12%
4 Mt Eden Av.
12%
Q Neck Rd.
12%
N New Utrecht Av.
12%
5 Pelham Pkwy.
12%
M Seneca Av.
12%
2 | 5 Sterling St.
12%
L Sutter Av.
12%
6 Zerega Av.
12%
A Aqueduct Racetrack
11%
Q Beverley Rd.
11%
2 | 5 Burke Av.
11%
6 Castle Hill Av.
11%
J Cleveland St.
11%
J Cypress Hills
11%
J Kosciuszko St.
11%
B | Q Newkirk Plaza
11%
3 | 4 Saratoga Av.
11%
2 | 5 Winthrop St.
11%
J | Z Chauncey St.
10%
J | Z Crescent St.
10%
6 Middletown Rd.
10%
A | C Ralph Av.
10%
A | C Shepherd Av.
10%
6 Longwood Av.
9%
6 Saint Lawrence Av.
9%
6 Whitlock Av.
9%
No matching quizzes found
Score Distribution
Percent of People with Each Score
Percentile by Number Answered
Your Score History
You have not taken this quiz